[Event "EYTCC U18 Girls 2019"]
[Site "Pardubice"]
[Date "2019.07.17"]
[Round "7.30"]
[White "Hercog, Nusa"]
[Black "Sankova, Stella"]
[Result "1/2-1/2"]
[WhiteElo "2053"]
[BlackElo "1997"]
[Annotator "NA"]
[PlyCount "105"]
[EventDate "2019.07.11"]
[EventType "swiss"]
[EventCountry "CZE"]
[SourceTitle "playchess.com"]
[Source "ChessBase"]
[SourceQuality "1"]
[WhiteTeam "Slovenia"]
[BlackTeam "Slovakia"]
[WhiteTeamCountry "SLO"]
[BlackTeamCountry "SVK"]
[TimeControl "40/5400+30:1800+30"]

1. d4 {[%emt 0:00:00]} Nf6 {[%emt 0:00:00]} 2. c4 {[%emt 0:00:00]} e6 {[%emt 0:00:00]} 3. Nf3 {[%emt 0:00:00]} d5 {[%emt 0:00:00]} 4. Nc3 {[%emt 0:00:00]} Bb4 {[%emt 0:00:00]} 5. Qb3 {[%emt 0:00:00]} c5 {[%emt 0:00:00]} 6. dxc5 {[%emt 0:00:10]} Na6 {[%emt 0:00:07]} 7. a3 {[%emt 0:00:46]} Bxc3+ {[%emt 0:01:37]} 8. Qxc3 {[%emt 0:00:20]} Nxc5 {[%emt 0:00:38]} 9. cxd5 {[%emt 0:01:16]} Qxd5 {[%emt 0:03:35]} 10. Be3 {[%emt 0:01:59]} Nce4 {[%emt 0:02:26]} 11. Qe5 {[%emt 0:00:51]} O-O {[%emt 0:04:50]} 12. Rd1 {[%emt 0:07:22]} Qxe5 {[%emt 0:00:53]} 13. Nxe5 {[%emt 0:00:05]} Nd5 {[%emt 0:02:45]} 14. Bc1 {[%emt 0:04:30]} Nc5 {[%emt 0:11:39]} 15. f3 {[%emt 0:10:00]} f6 {[%emt 0:06:43]} 16. Nc4 {[%emt 0:17:43]} Nc7 {[%emt 0:14:14]} 17. e4 {[%emt 0:05:42]} e5 {[%emt 0:10:45]} 18. Be3 {[%emt 0:05:36]} N5e6 {[%emt 0:01:23]} 19. Nd6 {[%emt 0:03:57]} Rd8 {[%emt 0:04:56]} 20. Bc4 {[%emt 0:04:02]} b6 {[%emt 0:03:58]} 21. Kf2 {[%emt 0:02:05]} Ba6 {[%emt 0:00:38]} 22. Bb3 {[%emt 0:04:10]} Kf8 {[%emt 0:03:05]} 23. Rd2 {[%emt 0:10:39]} g6 {[%emt 0:01:17]} 24. Rhd1 {[%emt 0:01:35]} Ke7 {[%emt 0:01:01]} 25. Nc4 {[%emt 0:03:09]} Rxd2+ {[%emt 0:04:42]} 26. Rxd2 {[%emt 0:00:25]} Nb5 {[%emt 0:00:27]} 27. Ba2 {[%emt 0:01:49]} Rc8 {[%emt 0:03:22]} 28. g3 {[%emt 0:07:32]} Nbd4 {[%emt 0:04:26]} 29. Bxd4 {[%emt 0:00:24]} Bxc4 {[%emt 0:03:49]} 30. Bxc4 {[%emt 0:00:14]} Nxd4 {[%emt 0:00:26]} 31. Bd5 {[%emt 0:01:06]} Rc1 {[%emt 0:02:48]} 32. Kg2 {[%emt 0:02:56]} Kd6 {[%emt 0:00:42]} 33. Bg8 {[%emt 0:02:01]} h6 {[%emt 0:00:16]} 34. Bf7 {[%emt 0:00:34]} g5 {[%emt 0:00:13]} 35. Rf2 {[%emt 0:01:30]} Kc5 {[%emt 0:02:20]} 36. Kh3 {[%emt 0:00:18]} Kd6 {[%emt 0:04:31]} 37. Kg4 {[%emt 0:00:29]} Ke7 {[%emt 0:00:03]} 38. Bd5 {[%emt 0:00:21]} Kf8 {[%emt 0:00:22]} 39. f4 {[%emt 0:02:30]} gxf4 {[%emt 0:01:54]} 40. gxf4 {[%emt 0:00:46]} Rg1+ {[%emt 0:01:05]} 41. Kh3 {[%emt 0:05:50]} exf4 {[%emt 0:03:58]} 42. Rxf4 {[%emt 0:00:24]} Kg7 {[%emt 0:02:24]} 43. Rg4+ {[%emt 0:10:11]} Rxg4 {[%emt 0:02:03]} 44. Kxg4 {[%emt 0:00:01]} Kg6 {[%emt 0:01:05]} 45. b3 {[%emt 0:01:30]} b5 {[%emt 0:05:27]} 46. a4 {[%emt 0:02:13]} bxa4 {[%emt 0:00:47]} 47. bxa4 {[%emt 0:00:02]} Nc2 {[%emt 0:07:01]} 48. a5 {[%emt 0:05:43]} Nb4 {[%emt 0:06:05]} 49. Bb7 {[%emt 0:00:21]} Nd3 {[%emt 0:00:58]} 50. a6 {[%emt 0:00:54]} h5+ {[%emt 0:02:22]} 51. Kf3 {[%emt 0:01:11]} Kg5 {[%emt 0:00:36]} 52. Bc8 {[%emt 0:01:50]} Ne5+ {[%emt 0:03:01]} 53. Ke2 {[%emt 0:02:23]} 1/2-1/2

[Event "EYTCC U18 Girls 2019"]
[Site "Pardubice"]
[Date "2019.07.17"]
[Round "7.31"]
[White "Sliwicka, Alicja"]
[Black "Radeva, Viktoria"]
[Result "1/2-1/2"]
[WhiteElo "2261"]
[BlackElo "2247"]
[Annotator "TA"]
[PlyCount "60"]
[EventDate "2019.07.11"]
[EventType "swiss"]
[EventCountry "CZE"]
[SourceTitle "playchess.com"]
[Source "ChessBase"]
[SourceQuality "1"]
[WhiteTeam "Poland"]
[BlackTeam "Bulgaria"]
[WhiteTeamCountry "POL"]
[BlackTeamCountry "BUL"]

{[%evp 12,60,13,18,10,12,10,0,25,20,27,23,51,38,75,25,33,0,0,0,13,10,52,45,45,45,56,56,73,73,73,73,73,73,73,33,45,31,66,45,45,45,45,45,45,18,62,4,60,45,45]} 1. e4 c5 2. Nf3 e6 3. c4 Nc6 4. Nc3 Nf6 5. Be2 e5 6. O-O Be7 7. d3 O-O {A34: Symmetrical English: 2 Nc3, lines with ...d5} 8. a3 d6 9. Nd5 (9. Rb1) (9. Rb1 Bg4 10. Ne1 Bxe2 11. Nxe2 Ne8 12. b4 b6 13. Nc2 Nc7 14. Nc3 {1-0 (52) Sliwicka,A (2264)-Radeva,V (2163) Porto Carras 2018}) 9... Be6 {The position is equal.} 10. b4 $146 ({Predecessor:} 10. Bd2 Bg4 11. Nxe7+ Qxe7 12. b4 Bxf3 13. Bxf3 {½-½ (40) Pina Vega,S (2300)-Santa Torres,J (2260) Varadero 2000}) 10... b6 11. b5 Nd4 12. Nxd4 {[#] Nc6 is the strong threat.} cxd4 13. Nxf6+ (13. Nb4 {looks sharper.} Bd7 14. f4 Qc7 15. g4 Qd8 16. g5) 13... Bxf6 14. f4 exf4 15. Bxf4 Be5 16. a4 a5 17. Qd2 Rc8 18. Rf2 Qe7 19. Raf1 f6 20. Qd1 Qd7 21. Bc1 Rce8 22. Bb2 Qc8 23. Kh1 Rd8 24. Bf3 Rde8 25. Qa1 Qc5 26. Ba3 Qc7 27. Qd1 Qc8 28. Bb2 Rd8 29. Bh5 ({Better is} 29. h3 $14) 29... Kh8 (29... g6 $11) 30. Bc1 Qd7 {Accuracy: White = 64%, Black = 36%.} 1/2-1/2

[Event "EYTCC U18 Girls 2019"]
[Site "Pardubice"]
[Date "2019.07.17"]
[Round "7.32"]
[White "Krasteva, Beloslava"]
[Black "Sowa, Wiktoria"]
[Result "1-0"]
[WhiteElo "2327"]
[BlackElo "2108"]
[Annotator "TA"]
[PlyCount "61"]
[EventDate "2019.07.11"]
[EventType "swiss"]
[EventCountry "CZE"]
[SourceTitle "playchess.com"]
[Source "ChessBase"]
[SourceQuality "1"]
[WhiteTeam "Bulgaria"]
[BlackTeam "Poland"]
[WhiteTeamCountry "BUL"]
[BlackTeamCountry "POL"]

{[%evp 11,61,13,14,12,20,5,20,18,20,24,42,14,53,0,34,-15,28,26,50,37,33,34,37,65,172,163,163,166,152,127,251,249,249,240,278,275,283,279,272,279,276,237,306,256,343,325,359,357,791,790,732,720]} 1. d4 Nf6 2. c4 g6 3. Nc3 d5 4. e3 Bg7 5. Qb3 c6 6. Nf3 O-O 7. Bd3 {D95: Grünfeld: 4 Nf3 Bg7 5 e3 0-0 6 Qb3} (7. Be2 e6 8. O-O Nbd7 9. Rd1 a6 10. a4 a5 11. Qc2 Re8 12. b3 b6 13. cxd5 exd5 14. Ba3 Bb7 15. Rac1 Bh6 {½-½ (50) Zubov,A (2597)-Kamsky,G (2666) St Petersburg 2018}) 7... b6 8. O-O e6 9. e4 {The position is equal.} dxe4 10. Nxe4 Nxe4 11. Bxe4 Bb7 (11... f5 $5 {[%cal Rf5e4]} 12. Bc2 c5 $14) 12. Rd1 (12. Bf4 $14) 12... Nd7 13. Bg5 $146 ({Predecessor:} 13. Bf4 Qe7 14. c5 e5 15. Bg5 Qe8 16. Re1 Kh8 17. Nxe5 Nxe5 18. dxe5 Qxe5 19. Bxc6 Qxg5 20. Bxb7 Qxc5 21. Bxa8 Rxa8 22. Qxf7 Bxb2 {1-0 (31) Leon Varela,L (2169)-Cruz Pino,A (2094) Las Palmas 2017}) 13... Nf6 14. Ne5 Qc7 15. Bf3 c5 16. Bf4 {Black must now prevent Nxg6!} Bxf3 17. Qxf3 {Threatens to win with Nxg6!} Qc8 {[#]} (17... Nh5 $1 $14) 18. Nc6 $1 $36 {[%cal Rc6e7][%mdl 2048] Ne7+ is the strong threat. White is on the roll.} Qb7 19. Bd6 {Strongly threatening Ne7+.} Rfe8 {White should prevent ...Rac8.} 20. dxc5 Rac8 {[#]} (20... bxc5 $16 21. Ne7+ Rxe7 22. Bxe7 Ne4) 21. Ne7+ $1 {[%mdl 64] Discovered Attack} Rxe7 22. c6 $1 {[%cal Rc6b7]} Qxc6 23. Qxc6 ({But not} 23. Bxe7 $6 Ne4 $18) 23... Rxc6 24. Bxe7 {Hoping for Rd8+.} h5 25. Rac1 Ne4 26. Ba3 Bh6 27. Rc2 b5 28. b3 a5 29. Bb2 bxc4 $2 (29... Bg7 30. Rd8+ Kh7) 30. Rd8+ Bf8 31. Rxc4 {Accuracy: White = 80%, Black = 24%.} 1-0

[Event "EYTCC U18 Girls 2019"]
[Site "Pardubice"]
[Date "2019.07.17"]
[Round "7.33"]
[White "Sahin, Hayrun Nisa"]
[Black "Koubova, Anna Marie"]
[Result "1/2-1/2"]
[WhiteElo "1772"]
[BlackElo "2094"]
[Annotator "NA"]
[PlyCount "65"]
[EventDate "2019.07.11"]
[EventType "swiss"]
[EventCountry "CZE"]
[SourceTitle "playchess.com"]
[Source "ChessBase"]
[SourceQuality "1"]
[WhiteTeam "Turkey"]
[BlackTeam "Czech Republic"]
[WhiteTeamCountry "TUR"]
[BlackTeamCountry "CZE"]
[TimeControl "40/5400+30:1800+30"]

1. e4 {[%emt 0:00:00]} c5 {[%emt 0:00:00]} 2. Nf3 {[%emt 0:00:00]} e6 {[%emt 0:00:00]} 3. c3 {[%emt 0:00:00]} Nf6 {[%emt 0:00:00]} 4. e5 {[%emt 0:00:00]} Nd5 {[%emt 0:00:00]} 5. d4 {[%emt 0:00:00]} cxd4 {[%emt 0:00:07]} 6. cxd4 {[%emt 0:00:00]} b6 {[%emt 0:00:09]} 7. a3 {[%emt 0:00:00]} Be7 {[%emt 0:04:06]} 8. Bd3 {[%emt 0:00:04]} Ba6 {[%emt 0:00:24]} 9. O-O {[%emt 0:00:20]} Bxd3 {[%emt 0:06:36]} 10. Qxd3 {[%emt 0:00:03]} O-O {[%emt 0:00:51]} 11. Bd2 {[%emt 0:03:08]} d6 {[%emt 0:02:25]} 12. Nc3 {[%emt 0:04:04]} Nxc3 {[%emt 0:01:23]} 13. Qxc3 {[%emt 0:02:17]} Nd7 {[%emt 0:01:25]} 14. Rac1 {[%emt 0:01:05]} Rc8 {[%emt 0:02:49]} 15. Qxc8 Qxc8 {[%emt 0:00:08]} 16. Rxc8 {[%emt 0:04:26]} Rxc8 {[%emt 0:00:06]} 17. Rc1 {[%emt 0:07:56]} Rxc1+ {[%emt 0:06:54]} 18. Bxc1 {[%emt 0:00:32]} f6 {[%emt 0:01:00]} 19. exd6 {[%emt 0:00:44]} Bxd6 {[%emt 0:00:16]} 20. Kf1 {[%emt 0:00:04]} b5 {[%emt 0:03:05]} 21. g3 {[%emt 0:04:02]} Nb6 {[%emt 0:02:45]} 22. Nd2 {[%emt 0:00:36]} Kf7 {[%emt 0:06:24]} 23. Ke2 {[%emt 0:01:08]} Ke7 {[%emt 0:06:51]} 24. Kd3 {[%emt 0:01:28]} Kd7 {[%emt 0:02:59]} 25. Ne4 {[%emt 0:09:58]} Kc6 {[%emt 0:02:49]} 26. b3 {[%emt 0:01:18]} a6 {[%emt 0:04:51]} 27. h3 {[%emt 0:05:09]} Be7 {[%emt 0:02:22]} 28. Nc3 {[%emt 0:05:23]} Nd5 {[%emt 0:00:38]} 29. Nxd5 {[%emt 0:00:53]} Kxd5 {[%emt 0:00:45]} 30. f3 {[%emt 0:01:27]} f5 {[%emt 0:09:17]} 31. a4 {[%emt 0:02:55]} bxa4 {[%emt 0:11:53]} 32. bxa4 {[%emt 0:00:05]} Bf6 {[%emt 0:00:08]} 33. Be3 {[%emt 0:00:34]} 1/2-1/2

[Event "EYTCC U18 Girls 2019"]
[Site "Pardubice"]
[Date "2019.07.17"]
[Round "7.34"]
[White "Laurincova, Kristyna"]
[Black "OZTURK, Nil"]
[Result "1-0"]
[WhiteElo "2010"]
[BlackElo "1345"]
[Annotator "NA"]
[PlyCount "123"]
[EventDate "2019.07.11"]
[EventType "swiss"]
[EventCountry "CZE"]
[SourceTitle "playchess.com"]
[Source "ChessBase"]
[SourceQuality "1"]
[WhiteTeam "Czech Republic"]
[WhiteTeamCountry "CZE"]
[TimeControl "40/5400+30:1800+30"]

1. e4 {[%emt 0:00:00]} e5 {[%emt 0:00:00]} 2. Nf3 {[%emt 0:01:34]} Nc6 {[%emt 0:00:00]} 3. Bb5 {[%emt 0:01:10]} a6 {[%emt 0:00:02]} 4. Ba4 {[%emt 0:00:07]} d6 {[%emt 0:00:04]} 5. h3 {[%emt 0:03:27]} Bd7 {[%emt 0:05:13]} 6. c3 {[%emt 0:02:48]} g6 {[%emt 0:00:44]} 7. O-O {[%emt 0:02:04]} Bg7 {[%emt 0:00:41]} 8. Re1 {[%emt 0:03:16]} Nge7 {[%emt 0:01:28]} 9. d4 {[%emt 0:02:28]} O-O {[%emt 0:03:40]} 10. d5 {[%emt 0:10:17]} Nb8 {[%emt 0:01:17]} 11. Bxd7 {[%emt 0:02:36]} Nxd7 {[%emt 0:00:10]} 12. a4 {[%emt 0:03:40]} h6 {[%emt 0:06:49]} 13. a5 {[%emt 0:13:57]} f5 {[%emt 0:10:39]} 14. Nbd2 {[%emt 0:01:30]} Kh7 {[%emt 0:08:55]} 15. Ra3 {[%emt 0:03:42]} f4 {[%emt 0:01:40]} 16. Nf1 {[%emt 0:03:06]} Nf6 {[%emt 0:06:04]} 17. c4 {[%emt 0:03:38]} Qd7 {[%emt 0:02:13]} 18. b4 {[%emt 0:03:29]} g5 {[%emt 0:05:20]} 19. N1h2 {[%emt 0:00:50]} Ng6 {[%emt 0:03:05]} 20. Bb2 {[%emt 0:04:34]} Rg8 {[%emt 0:09:45]} 21. Rc3 {[%emt 0:04:03]} Bf8 {[%emt 0:01:58]} 22. Kh1 {[%emt 0:00:54]} Rc8 {[%emt 0:04:57]} 23. Qc2 {[%emt 0:10:10]} Be7 {[%emt 0:03:32]} 24. c5 {[%emt 0:01:06]} Qb5 {[%emt 0:09:10]} 25. Rc4 {[%emt 0:06:32]} Rge8 {[%emt 0:05:21]} 26. Rc1 {[%emt 0:03:35]} Bf8 {[%emt 0:01:49]} 27. Ba3 {[%emt 0:02:06]} Kg8 {[%emt 0:01:47]} 28. c6 {[%emt 0:02:59]} Re7 {[%emt 0:01:33]} 29. cxb7 {[%emt 0:00:49]} Qxb7 {[%emt 0:00:03]} 30. Rc6 {[%emt 0:00:32]} Ne8 {[%emt 0:01:14]} 31. Qc4 {[%emt 0:00:59]} Ra8 {[%emt 0:00:18]} 32. Rb1 {[%emt 0:02:09]} Qb5 {[%emt 0:01:17]} 33. Qxb5 {[%emt 0:00:28]} axb5 {[%emt 0:00:01]} 34. Bb2 {[%emt 0:00:36]} Kf7 {[%emt 0:01:27]} 35. Ra1 {[%emt 0:00:05]} Rd7 {[%emt 0:00:05]} 36. a6 {[%emt 0:01:11]} Ne7 {[%emt 0:00:22]} 37. Rc3 {[%emt 0:00:14]} Nc8 {[%emt 0:00:38]} 38. Nd2 {[%emt 0:01:16]} Nb6 {[%emt 0:01:26]} 39. Ra5 {[%emt 0:00:57]} Nc8 {[%emt 0:01:16]} 40. Rca3 {[%emt 0:00:26]} Na7 {[%emt 0:00:13]} 41. Nb1 {[%emt 0:01:20]} Rdd8 {[%emt 0:00:32]} 42. Nc3 {[%emt 0:04:40]} Rdb8 {[%emt 0:02:20]} 43. Bc1 {[%emt 0:02:17]} Rb6 {[%emt 0:01:43]} 44. Bd2 {[%emt 0:00:47]} Ke7 {[%emt 0:04:07]} 45. f3 {[%emt 0:01:38]} Nf6 {[%emt 0:02:03]} 46. Be1 {[%emt 0:00:38]} c5 {[%emt 0:04:24]} 47. dxc6 {[%emt 0:01:13]} Nxc6 {[%emt 0:00:43]} 48. Rxb5 {[%emt 0:01:44]} Raxa6 {[%emt 0:01:54]} 49. Rxb6 {[%emt 0:03:10]} Rxb6 {[%emt 0:00:08]} 50. b5 {[%emt 0:02:09]} Nb8 {[%emt 0:03:07]} 51. Ra7+ {[%emt 0:02:01]} Nbd7 {[%emt 0:00:57]} 52. Ng4 {[%emt 0:01:09]} Ke8 {[%emt 0:02:55]} 53. Nxf6+ {[%emt 0:04:22]} Nxf6 {[%emt 0:00:03]} 54. Bf2 {[%emt 0:00:04]} Rb8 {[%emt 0:00:17]} 55. b6 {[%emt 0:00:41]} Be7 {[%emt 0:02:07]} 56. Nb5 {[%emt 0:01:34]} Kd8 {[%emt 0:05:33]} 57. Nc7 {[%emt 0:04:42]} Kc8 {[%emt 0:05:35]} 58. Na6 {[%emt 0:00:02]} Rb7 {[%emt 0:00:20]} 59. Ra8+ {[%emt 0:00:00]} Kd7 {[%emt 0:00:17]} 60. Nb8+ {[%emt 0:00:12]} Ke6 {[%emt 0:00:55]} 61. Nc6 {[%emt 0:00:30]} Nd7 {[%emt 0:01:03]} 62. Ra7 {[%emt 0:01:20]} 1-0

[Event "EYTCC U18 Girls 2019"]
[Site "Pardubice"]
[Date "2019.07.17"]
[Round "7.35"]
[White "Tarasenka, Aliaksandra"]
[Black "Pribylova, Sofie"]
[Result "1-0"]
[WhiteElo "2231"]
[BlackElo "2093"]
[Annotator "TA"]
[PlyCount "73"]
[EventDate "2019.07.11"]
[EventType "swiss"]
[EventCountry "CZE"]
[SourceTitle "playchess.com"]
[Source "ChessBase"]
[SourceQuality "1"]
[WhiteTeam "Belarus"]
[BlackTeam "Czech Republic"]
[WhiteTeamCountry "BLR"]
[BlackTeamCountry "CZE"]

{[%evp 12,73,34,6,113,36,41,41,61,25,26,31,121,118,190,160,305,306,314,306,293,293,296,290,266,201,366,283,353,253,424,436,433,404,414,408,405,213,472,481,444,187,467,185,343,344,332,334,621,614,919,894,851,777,661,596,671,641,29981,29982,29988,29988,29988,29989]} 1. e4 c5 2. c3 d5 3. exd5 Qxd5 4. d4 g6 5. Nf3 cxd4 6. cxd4 Bg7 7. Be3 Bg4 {B06: Modern Defence} (7... Qd8 $11 {remains equal.}) (7... Nf6 8. Nc3 Qd8 9. h3 O-O 10. Bc4 Nc6 11. O-O Na5 12. Be2 Be6 13. Ne5 Nd5 14. Bd2 Rc8 15. Qa4 b6 {1-0 (82) Bosiocic,M (2591)-Adhiban,B (2666) Doha 2016}) 8. Be2 (8. Nc3 $16 Qf5 9. Qa4+ Nc6 10. Ne5) 8... Nc6 $14 9. Nc3 Qd8 {White is slightly better.} 10. O-O Nh6 $146 ({Predecessor:} 10... e6 11. h3 Bxf3 12. Bxf3 Nge7 13. Qb3 Qd7 14. Rfd1 O-O 15. d5 exd5 16. Bxd5 Nxd5 17. Nxd5 {1-0 (28) Jowett,P (2184)-Miller,N (2080) West Bromwich 2004}) 11. Qb3 Na5 ({Black should play} 11... Bxf3 $14 12. Bxf3 Qd7) 12. Qa4+ $1 $16 Bd7 (12... Kf8 $16 {is a better defense.}) 13. Bb5 $36 {[%mdl 2048] Bxh6 is the strong threat. White is on the roll.} Nc6 (13... b6 $16 {keeps fighting.} 14. Ne5 Bxb5 15. Qxb5+ Kf8) 14. d5 Nb8 15. d6 e6 16. Bg5 f6 17. Nd4 {Hoping for Nxe6.} Kf7 18. Be3 Ng4 $2 (18... Nf5 19. Nxf5 gxf5) 19. Rfe1 Ne5 20. Rad1 a6 $2 (20... Nbc6 {might work better.} 21. Ne4 a6) 21. Bxd7 Qxd7 22. Qb3 Nbc6 23. Nxc6 Qxc6 24. Bb6 (24. Bd4 $142) 24... Rae8 $2 (24... Qc4 25. d7 Qxb3 26. axb3 Rhd8) 25. Ne4 Nd7 26. Bd4 (26. Rc1 $142 Qxb6 27. Rc7 $1 {[%mdl 576] Double Attack}) 26... Bh6 $2 {[#]} (26... Qb5 {was necessary.} 27. Qxb5 axb5) 27. Qf3 $2 (27. Bxf6 $1 {[%mdl 512]} Nxf6 28. Qf3 (28. Nxf6 Kxf6 29. d7 Rd8 $11)) 27... e5 $2 (27... Rhf8 28. Bxf6 Kg8) 28. Be3 Bxe3 29. Qxe3 ({Not} 29. Rxe3 f5 $16) 29... h6 $2 (29... Rc8 30. Rc1 Qb5) 30. Rc1 Qb5 31. Rc7 Rd8 32. Rec1 b6 33. h4 Qxb2 {[#]} 34. h5 $1 {[%mdl 512]} gxh5 35. Qh3 {White mates.} Qb5 36. Qxh5+ Kf8 {[#]} 37. Qf5 {Played: Ne4xf6} 1-0

[Event "EYTCC U18 Girls 2019"]
[Site "Pardubice"]
[Date "2019.07.17"]
[Round "7.36"]
[White "Nemcova, Karin"]
[Black "Zeliantsova, Kseniya"]
[Result "1-0"]
[WhiteElo "1956"]
[BlackElo "1907"]
[Annotator "NA"]
[PlyCount "75"]
[EventDate "2019.07.11"]
[EventType "swiss"]
[EventCountry "CZE"]
[SourceTitle "playchess.com"]
[Source "ChessBase"]
[SourceQuality "1"]
[WhiteTeam "Czech Republic"]
[BlackTeam "Belarus"]
[WhiteTeamCountry "CZE"]
[BlackTeamCountry "BLR"]
[TimeControl "40/5400+30:1800+30"]

1. e4 {[%emt 0:00:00]} Nf6 {[%emt 0:00:00]} 2. e5 {[%emt 0:00:00]} Nd5 {[%emt 0:00:00]} 3. d4 {[%emt 0:00:05]} d6 {[%emt 0:00:00]} 4. c4 {[%emt 0:00:32]} Nb6 {[%emt 0:00:00]} 5. Nf3 {[%emt 0:00:55]} Nc6 {[%emt 0:00:06]} 6. exd6 {[%emt 0:00:17]} exd6 {[%emt 0:00:12]} 7. h3 {[%emt 0:00:49]} Bf5 {[%emt 0:02:54]} 8. Bd3 {[%emt 0:01:00]} Bxd3 {[%emt 0:01:04]} 9. Qxd3 {[%emt 0:01:37]} Be7 {[%emt 0:00:33]} 10. Bd2 {[%emt 0:03:26]} Bf6 {[%emt 0:04:49]} 11. O-O {[%emt 0:00:17]} O-O {[%emt 0:00:06]} 12. Bc3 {[%emt 0:02:19]} d5 {[%emt 0:11:46]} 13. c5 {[%emt 0:04:41]} Na4 {[%emt 0:07:18]} 14. a3 {[%emt 0:08:01]} a5 {[%emt 0:16:00]} 15. Qb5 {[%emt 0:05:15]} Nxc3 {[%emt 0:00:15]} 16. bxc3 {[%emt 0:00:20]} Qd7 {[%emt 0:01:03]} 17. a4 {[%emt 0:00:31]} b6 {[%emt 0:12:21]} 18. cxb6 {[%emt 0:04:10]} cxb6 {[%emt 0:00:06]} 19. Na3 {[%emt 0:01:02]} Rab8 {[%emt 0:07:48]} 20. Nc2 {[%emt 0:01:24]} Rfd8 {[%emt 0:01:05]} 21. Ne3 {[%emt 0:06:29]} g6 {[%emt 0:00:07]} 22. Rab1 {[%emt 0:02:09]} Qd6 {[%emt 0:06:04]} 23. Rb3 {[%emt 0:02:37]} Bg7 {[%emt 0:07:10]} 24. Rfb1 {[%emt 0:00:52]} Na7 {[%emt 0:02:56]} 25. Qa6 {[%emt 0:05:11]} Nc8 {[%emt 0:00:08]} 26. Rb5 {[%emt 0:02:47]} Qc6 {[%emt 0:08:25]} 27. Rxa5 {[%emt 0:05:08]} Bh6 {[%emt 0:05:03]} 28. Qd3 {[%emt 0:08:03]} Bxe3 {[%emt 0:03:41]} 29. Qxe3 {[%emt 0:11:06]} Re8 {[%emt 0:01:49]} 30. Qf4 {[%emt 0:00:23]} Rb7 {[%emt 0:01:18]} 31. Rab5 {[%emt 0:02:41]} Nd6 {[%emt 0:00:33]} 32. Ne5 {[%emt 0:03:36]} Qxc3 {[%emt 0:00:24]} 33. Rxd5 {[%emt 0:02:13]} Nf5 {[%emt 0:00:40]} 34. Rc1 {[%emt 0:02:39]} Qa3 {[%emt 0:00:28]} 35. Ng4 {[%emt 0:00:34]} Kg7 {[%emt 0:00:38]} 36. Rxf5 {[%emt 0:00:35]} gxf5 {[%emt 0:00:37]} 37. Qh6+ {[%emt 0:00:14]} Kh8 {[%emt 0:00:15]} 38. Nf6 {[%emt 0:01:45]} 1-0

[Event "EYTCC U18 Girls 2019"]
[Site "Pardubice"]
[Date "2019.07.17"]
[Round "7.37"]
[White "Kucharska, Honorata"]
[Black "Bogdanic, Katarina"]
[Result "1-0"]
[WhiteElo "2054"]
[BlackElo "1955"]
[Annotator "NA"]
[PlyCount "97"]
[EventDate "2019.07.11"]
[EventType "swiss"]
[EventCountry "CZE"]
[SourceTitle "playchess.com"]
[Source "ChessBase"]
[SourceQuality "1"]
[WhiteTeam "Poland"]
[BlackTeam "Croatia"]
[WhiteTeamCountry "POL"]
[BlackTeamCountry "CRO"]
[TimeControl "40/5400+30:1800+30"]

1. e4 {[%emt 0:00:00]} c5 {[%emt 0:00:00]} 2. Nf3 {[%emt 0:00:00]} e6 {[%emt 0:00:00]} 3. d4 {[%emt 0:00:00]} cxd4 {[%emt 0:00:00]} 4. Nxd4 {[%emt 0:00:01]} a6 {[%emt 0:00:00]} 5. c4 {[%emt 0:00:06]} Nf6 {[%emt 0:00:56]} 6. Nc3 {[%emt 0:00:05]} Qc7 {[%emt 0:00:13]} 7. a3 {[%emt 0:00:39]} b6 {[%emt 0:01:07]} 8. Be2 {[%emt 0:00:58]} Bb7 {[%emt 0:00:35]} 9. f3 {[%emt 0:00:37]} Be7 {[%emt 0:01:19]} 10. O-O {[%emt 0:01:01]} O-O {[%emt 0:00:30]} 11. Be3 {[%emt 0:01:05]} d6 {[%emt 0:00:28]} 12. Rc1 {[%emt 0:00:49]} Nbd7 {[%emt 0:00:38]} 13. Qe1 {[%emt 0:02:08]} Rac8 {[%emt 0:02:17]} 14. Qf2 {[%emt 0:03:33]} Qb8 {[%emt 0:00:49]} 15. g4 {[%emt 0:04:56]} Ne5 {[%emt 0:07:57]} 16. g5 {[%emt 0:04:22]} Nfd7 {[%emt 0:00:25]} 17. b3 {[%emt 0:01:15]} Nc6 {[%emt 0:05:56]} 18. Qg2 {[%emt 0:12:05]} Nxd4 {[%emt 0:05:22]} 19. Bxd4 {[%emt 0:00:09]} d5 {[%emt 0:13:32]} 20. exd5 {[%emt 0:05:35]} exd5 {[%emt 0:06:49]} 21. Qg4 {[%emt 0:05:14]} Ne5 {[%emt 0:07:17]} 22. Qf5 {[%emt 0:04:00]} Ng6 {[%emt 0:05:58]} 23. Nxd5 {[%emt 0:07:07]} Bxd5 {[%emt 0:00:45]} 24. cxd5 {[%emt 0:00:21]} Rxc1 {[%emt 0:00:37]} 25. Rxc1 {[%emt 0:00:27]} Bxa3 {[%emt 0:00:45]} 26. Rc2 {[%emt 0:04:52]} a5 {[%emt 0:00:59]} 27. Bb5 {[%emt 0:10:42]} Bd6 {[%emt 0:04:37]} 28. Re2 {[%emt 0:05:32]} Qc7 {[%emt 0:01:43]} 29. Bc6 {[%emt 0:02:49]} Bf4 {[%emt 0:05:56]} 30. Qg4 {[%emt 0:06:38]} Bd6 {[%emt 0:07:27]} 31. h4 {[%emt 0:04:48]} Nf4 {[%emt 0:01:48]} 32. Re4 {[%emt 0:02:32]} Nd3 {[%emt 0:01:50]} 33. Kf1 {[%emt 0:01:46]} Bc5 {[%emt 0:02:30]} 34. f4 {[%emt 0:01:45]} Bxd4 {[%emt 0:01:53]} 35. Rxd4 {[%emt 0:00:07]} Nc5 {[%emt 0:00:10]} 36. Qf3 {[%emt 0:00:27]} Qd6 {[%emt 0:02:40]} 37. f5 {[%emt 0:03:23]} Qe5 {[%emt 0:02:22]} 38. Qf4 {[%emt 0:00:57]} f6 {[%emt 0:02:05]} 39. d6 {[%emt 0:01:01]} Qxf4+ {[%emt 0:02:27]} 40. Rxf4 {[%emt 0:00:04]} Rd8 {[%emt 0:02:06]} 41. Rd4 {[%emt 0:31:18]} Kf8 {[%emt 0:30:31]} 42. g6 {[%emt 0:01:50]} hxg6 {[%emt 0:02:27]} 43. fxg6 {[%emt 0:00:05]} Nxb3 {[%emt 0:00:00]} 44. Rd1 {[%emt 0:00:00]} Nc5 {[%emt 0:00:00]} 45. h5 {[%emt 0:00:00]} a4 {[%emt 0:00:00]} 46. Re1 {[%emt 0:00:00]} a3 {[%emt 0:00:00]} 47. Re7 {[%emt 0:00:00]} Nd3 {[%emt 0:00:00]} 48. h6 {[%emt 0:00:00]} gxh6 {[%emt 0:00:00]} 49. g7+ {[%emt 0:00:00]} 1-0